ក្លើបីនាក់​ / (Record no. 4628)

MARC details
000 -LEADER
fixed length control field 02253nam a22003137a 4500
001 - CONTROL NUMBER
control field 4628
003 - CONTROL NUMBER IDENTIFIER
control field FISKH
005 - DATE AND TIME OF LATEST TRANSACTION
control field 20240918120910.0
008 - FIXED-LENGTH DATA ELEMENTS--GENERAL INFORMATION
fixed length control field 240918b cb ||||| |||| 00| 0 eng d
020 ## - INTERNATIONAL STANDARD BOOK NUMBER
International Standard Book Number 9789996389306
040 ## - CATALOGING SOURCE
Original cataloging agency FISKH
Language of cataloging Khmer
Transcribing agency FISKH
Modifying agency FISKH
050 ## - LIBRARY OF CONGRESS CALL NUMBER
Classification number PZ7
082 ## - DEWEY DECIMAL CLASSIFICATION NUMBER
Classification number 800
100 ## - MAIN ENTRY--PERSONAL NAME
Personal name Anonymous
Relator term author
245 ## - TITLE STATEMENT
Title ក្លើបីនាក់​ /
Statement of responsibility, etc. by Anonymous
250 ## - EDITION STATEMENT
Edition statement បោះពុម្ពឆ្នាំ២០១៥
260 ## - PUBLICATION, DISTRIBUTION, ETC.
Place of publication, distribution, etc. ភ្នំពេញ :
Name of publisher, distributor, etc. អផ្សុក ;
Date of publication, distribution, etc. ២០១៥ .
300 ## - PHYSICAL DESCRIPTION
Extent 12 pages :
Other physical details color illustrations ;
Dimensions 22 cm .
490 ## - SERIES STATEMENT
Series statement និទានអប់រំសម្រាប់កុមារ
505 ## - FORMATTED CONTENTS NOTE
Formatted contents note H <br/>
520 ## - SUMMARY, ETC.
Summary, etc. នៅក្នុងព្រៃធំមួយមានសត្វបីក្បាល មានក្តាន់ សេក​ និងអណ្តើក ជាមិត្តល្អនឺងគ្នា ។ថ្ងៃមួយក្តាន់ជាប់អន្ទាក់នាយព្រាន អណ្តើកនិងសេកទៅជួយ ។ នាយព្រានខឺងខ្លាំងណាស់ក៏ចាប់អណ្តើកព្យួរនឺងដើមឈើ ។​ក្តាន់ប្រើស្នែងទំលុះអន្ទាក់ ហើយក៏ទៅជួយអណ្តើក ហើយសេកក៏ហិរទៅសម្បុកវិញ​។ក្រោយមកពួកគេក៏នៅជាមួយគ្នាយ៉ាងសប្បាយរីករាយ ។
520 ## - SUMMARY, ETC.
Summary, etc. In a forest, there are three animals, a deer, a parrot, and a turtle​ are good friends.One day, a deer was trapped by hunter and a parrot came to help. The hunter was very angry and caught the turtle hanging from a tree. The deer used its horns to break the trap and went to help the turtle, and the parrot returned to its nest. Later on they live happily together.
521 8# - TARGET AUDIENCE NOTE
Target audience note 430 <br/>
Source Lexile estimate <br/>
521 8# - TARGET AUDIENCE NOTE
Target audience note H <br/>
Source Raz-Plus <br/>
650 ## - SUBJECT ADDED ENTRY--TOPICAL TERM
Topical term or geographic name entry element ទីលំនៅរបស់សត្វបីក្បាល
Form subdivision រឿងនិទានកុមារ
650 ## - SUBJECT ADDED ENTRY--TOPICAL TERM
Topical term or geographic name entry element three birds' home
Form subdivision children's stories
942 ## - ADDED ENTRY ELEMENTS (KOHA)
Source of classification or shelving scheme Dewey Decimal Classification
Koha item type Khmer Books
Suppress in OPAC No
Holdings
Withdrawn status Lost status Source of classification or shelving scheme Damaged status Not for loan Collection Home library Current library Shelving location Date acquired Total Checkouts Full call number Barcode Date last seen Date last checked out Copy number Price effective from Koha item type
    Dewey Decimal Classification     Khmer Language Books / សៀវភៅភាសាខ្មែរ Footprints International School Library Network Toul Kork Campus Footprints International School Library Network Toul Kork Campus TK Old Khmer Books (Rear Hallway Shelf 3) 09/04/2025 1 ANO PZ7 800 FISTKG3B006 03/16/2026 10/10/2025 2 09/04/2025 Khmer Books
    Dewey Decimal Classification     Khmer Language Books / សៀវភៅភាសាខ្មែរ Footprints International School Library Network Toul Kork Campus Footprints International School Library Network Toul Kork Campus TK Old Khmer Books (Rear Hallway Shelf 3) 09/04/2025 1 ANO PZ7 800 FISTKG2B013 03/16/2026 10/10/2025 3 09/04/2025 Khmer Books
    Dewey Decimal Classification     Khmer Language Books / សៀវភៅភាសាខ្មែរ Footprints International School Library Network Toul Kork Campus Footprints International School Library Network Toul Kork Campus TK Old Khmer Books (Rear Hallway Shelf 3) 09/04/2025 1 ANO PZ7 800 FISTKG2A046 03/16/2026 10/10/2025 4 09/04/2025 Khmer Books
    Dewey Decimal Classification     Khmer Language Books / សៀវភៅភាសាខ្មែរ Footprints International School Library Network Toul Tom Poung Campus Footprints International School Library Network Toul Tom Poung Campus TTP Primary Khmer Bookshelves 09/18/2024 1 ANO PZ7 800 FIS04435 09/30/2025 07/15/2025 1 09/18/2024 Khmer Books
    Dewey Decimal Classification     Khmer Language Books / សៀវភៅភាសាខ្មែរ Footprints International School Library Network Toul Tom Poung Campus Footprints International School Library Network Toul Tom Poung Campus TTP Primary Khmer Bookshelves 11/10/2025   ANO PZ7 800 FIS04188 11/10/2025   5 11/10/2025 Khmer Books
    Dewey Decimal Classification     Khmer Language Books / សៀវភៅភាសាខ្មែរ Footprints International School Library Network Toul Tom Poung Campus Footprints International School Library Network Toul Tom Poung Campus TTP Primary Khmer Bookshelves 11/20/2025   ANO PZ7 800 FIS04191 11/20/2025   6 11/20/2025 Khmer Books